000
00325 a2200145 4500
001
151790
040
_c
Escola São Tomás de Aquino
100
_a
QUEIROZ, Rachel de
240
1
0
_a
Cenas brasileiras
_l
por
245
1
0
_a
Cenas brasileiras
300
_a
127
362
0
_a
2010
697
_a
*LITERATURA JUVENIL
942
_c
BK
999
_c
151790
_d
151790